000 00536nam a22001817a 4500
001 T027600005977
008 181111b xve|||||r|||| 00| | esp d
099 _aIVP-D-02528
_b
100 _aGobernación del Estado Apure.
245 _aInforme de gestión gubernamental.
260 _a
500 _aFotocopiado
650 _aGobierno Federal--Estado Apure--Informes y balances (1990-1992)--Venezuela.
650 _aVenezuela
650 _aEspañol
700 _aInstituto Venezolano de Planificación (IVEPLAN).
_e
942 _cLIB
999 _c7109
_d7109